logo

Bir Sreshtho Munshi Abdur Rouf Library
Jhenaidah Cadet College

নাচোলর কৃষক বিদ্রোহ : (Record no. 7453)

MARC details
000 -LEADER
fixed length control field 00765nam a22002297a 4500
001 - CONTROL NUMBER
JCCL Control Number 7453
003 - CONTROL NUMBER IDENTIFIER
JCCL marc code BD-JhCC
005 - DATE AND TIME OF LATEST TRANSACTION
control field 20180304105753.0
008 - FIXED-LENGTH DATA ELEMENTS--GENERAL INFORMATION
fixed length control field 180210b2008 bg ||||| |||| 00| 0 ben d
035 ## - SYSTEM CONTROL NUMBER
system control number (BD-JhCC)7453
040 ## - CATALOGING SOURCE
Original cataloging agency BD-JhCC
Modifying agency BD-JhCC
041 ## - LANGUAGE CODE
Language code of Book ben
082 ## - DEWEY DECIMAL CLASSIFICATION NUMBER
Classification number 305.42095492
Author mark and Year MES 2008
100 ## - MAIN ENTRY--PERSONAL NAME
Personal name কামাল, মেসবাহ
245 ## - TITLE STATEMENT
Title নাচোলর কৃষক বিদ্রোহ :
Remainder of title সমকালীন রাজনীতি ও ইলা মিত্র /
Statement of responsibility, etc মেসবাহ কামাল ও ঈশান চক্রবর্তী
300 ## - PHYSICAL DESCRIPTION
Pagination 240 p. :
Dimensions 22 cm.
650 ## - SUBJECT ADDED ENTRY--TOPICAL TERM
Topical term or geographic name as entry element Women
650 ## - SUBJECT ADDED ENTRY--TOPICAL TERM
Topical term or geographic name as entry element Bangladesh
700 ## - ADDED ENTRY--PERSONAL NAME
Personal name চক্রবর্তী, ঈশান
942 ## - ADDED ENTRY ELEMENTS (KOHA)
Source of classification or shelving scheme Dewey Decimal Classification
Koha item type Books
Holdings
Source of classification or shelving scheme Damaged status Not for loan Home library Current library Shelving location Date of accession Source of acquisition Cost, normal purchase price Total Checkouts Full call number Barcode Date last seen Copy number Koha item type
Dewey Decimal Classification     JCC Rouf Library JCC Rouf Library General Stacks 02/10/2018 Zahedee Foundation 270.00   305.42095492 MES 2008 9862 02/10/2018 c-1 Books

JCC Library | Contacts | JCC Home

Last Update on 23 September 2017
Copyright @ 2017-2020 JCC Rouf Library
Rouf Library, Jhenidah Cadet College (JCC), Bangladesh